Sổ tay chuyên khoa tim mạch
Salvato in:
| Autore principale: | |
|---|---|
| Natura: | Libro |
| Lingua: | Undetermined |
| Pubblicazione: |
Y học
2001
|
| Tags: |
Aggiungi Tag
Nessun Tag, puoi essere il primo ad aggiungerne! !
|
| Thư viện lưu trữ: | Trung tâm Học liệu Trường Đại học Cần Thơ |
|---|
| LEADER | 00456nam a2200145Ia 4500 | ||
|---|---|---|---|
| 001 | CTU_48639 | ||
| 008 | 210402s9999 xx 000 0 und d | ||
| 082 | |a 616.12 | ||
| 082 | |b S297/T1+2 | ||
| 100 | |a ROBERT C SCHLANT | ||
| 245 | 0 | |a Sổ tay chuyên khoa tim mạch | |
| 245 | 0 | |c ROBERT C SCHLANT, R. Wayne Alexander; Dịch giả: Trần Ngọc Đức | |
| 260 | |b Y học | ||
| 260 | |c 2001 | ||
| 980 | |a Trung tâm Học liệu Trường Đại học Cần Thơ | ||